000 00659nab a2200205 a 4500
005 20210219160942.0
008 991125s1985 mx 000 0 spa u
035 _aUPN01000175729
100 1 _aPérez García, Juan Martín
222 _aDFENSOR :
222 _bORGANO OFICIAL DE DIFUSION DE LA COMISION DE DERECHOS HUMANOS DEL DISTRITO FEDERAL
245 _a¿ Interés superior de la niñez o discriminación tutelar de la infancia callejera ?
260 _aMéxico
300 _a23-27
362 0 _a2010 Año 8, no. 1, ene.
653 0 _aNIÑO CALLEJERO
653 0 _aDISCRIMINACION TUTELAR
653 0 _aDERECHOS HUMANOS
905 _aArticulo
999 _c147832
_d147832